| 000 | 01262cam a22003254a 4500 | ||
|---|---|---|---|
| 001 | 12934734 | ||
| 003 | OSt | ||
| 005 | 20160330184018.0 | ||
| 008 | 020918s2003 enk b 001 0 eng | ||
| 010 | _a 2002035792 | ||
| 020 | _a0333776119 (cloth) | ||
| 020 | _a0333776127 (paper) | ||
| 040 |
_aDLC _cDLC _dDLC |
||
| 042 | _apcc | ||
| 050 | 0 | 0 |
_aHQ1180 _b.G465 2003 |
| 082 | 0 | 0 |
_a305.407 _221 _bCRA 2003 |
| 245 | 0 | 0 |
_aGender studies : _bterms and debates / _cAnne Cranny-Francis ... [et al.]. |
| 260 |
_aHoundmills, Basingstoke, Hampshire ; _aNew York : _bPalgrave Macmillan, _c2003. |
||
| 300 |
_axii, 276 p. ; _c25 cm. |
||
| 504 | _aIncludes bibliographical references and index. | ||
| 650 | 0 |
_aWomen's studies. _97491 |
|
| 650 | 0 |
_aFeminist theory. _96966 |
|
| 650 | 0 |
_aWomen's studies _xTerminology. _97492 |
|
| 700 | 1 |
_aCranny-Francis, Anne. _97493 |
|
| 856 | 4 | 2 |
_3Contributor biographical information _uhttp://www.loc.gov/catdir/bios/hol052/2002035792.html |
| 856 | 4 | 2 |
_3Publisher description _uhttp://www.loc.gov/catdir/description/hol032/2002035792.html |
| 906 |
_a7 _bcbc _corignew _d1 _eocip _f20 _gy-gencatlg |
||
| 942 |
_2ddc _cSLOAN |
||
| 999 |
_c3346 _d3346 |
||